Normal view
MARC view
Entry Personal Name
001 - CONTROL NUMBER
- control field: 623853
003 - CONTROL NUMBER IDENTIFIER
- control field: OSt
005 - DATE AND TIME OF LATEST TRANSACTION
- control field: 20221005105044.0
008 - FIXED-LENGTH DATA ELEMENTS
- fixed length control field: 221005|| aca||aabn | a|a d
040 ## - CATALOGING SOURCE
- Original cataloging agency: OSt
- Transcribing agency: OSt
100 ## - HEADING--PERSONAL NAME
- Personal name: खॉं, मोईनुद्दीन हसन, ले
670 ## - SOURCE DATA FOUND
- Source citation: Work cat.: (OSt)1014607: खॉं, मोईनुद्दीन हसन, ले., ग़दर-1857ः आंखों देखा हाल, 2006
